000 00748nam a2200229 a 4500
999 _c11097
_d11097
001 11097
003 BD-JhCC
005 20200205134008.0
008 190629b20132018bg a|||| ||a| 001 0 ben d
020 _a9789849025399
035 _a(BD-JhCC)11097
040 _aBD-JhCC
_dBD-JhCC
041 _aben
082 _a321.1
_bALA 2018
100 _aআলম, আনোয়ার উল
245 _aরক্ষীবাহিনীর সত্য-মিথ্যা /
_cআনোয়ার উল আলম ।
260 _aঢাকা:
_bপ্রথমা প্রকাশন;
_c২০১৮.
300 _a২৪৭ পৃঃ . :
_bill;
_c২২ সেমি.
650 _aPolitical Science
942 _2ddc
_cBK
_02